<?xml version="1.0" encoding="UTF-8"?>
<record
    xmlns:xsi="http://www.w3.org/2001/XMLSchema-instance"
    xsi:schemaLocation="http://www.loc.gov/MARC21/slim http://www.loc.gov/standards/marcxml/schema/MARC21slim.xsd"
    xmlns="http://www.loc.gov/MARC21/slim">

  <leader>01008nam2a22002411  4500</leader>
  <controlfield tag="001">rc\4614404</controlfield>
  <controlfield tag="005">20250611135509.0</controlfield>
  <datafield tag="021" ind1=" " ind2=" ">
    <subfield code="a">RU</subfield>
    <subfield code="b">452-61</subfield>
  </datafield>
  <datafield tag="035" ind1=" " ind2=" ">
    <subfield code="a">(NLR Aleph) 008216144</subfield>
  </datafield>
  <datafield tag="090" ind1=" " ind2=" ">
    <subfield code="a">8127015</subfield>
    <subfield code="c">8127015</subfield>
  </datafield>
  <datafield tag="100" ind1=" " ind2=" ">
    <subfield code="a">20130416d1904    |||y0rusy50      ca</subfield>
  </datafield>
  <datafield tag="101" ind1="0" ind2=" ">
    <subfield code="a">rus</subfield>
  </datafield>
  <datafield tag="102" ind1=" " ind2=" ">
    <subfield code="a">RU</subfield>
  </datafield>
  <datafield tag="105" ind1=" " ind2=" ">
    <subfield code="a">a   z   |||||</subfield>
  </datafield>
  <datafield tag="200" ind1="1" ind2=" ">
    <subfield code="a">&#x41C;&#x438;&#x43D;&#x44B; &#x43E;&#x431;&#x440;&#x430;&#x437;&#x446;&#x43E;&#x432; 1898 &#x438; 1900 &#x433;&#x433;.</subfield>
  </datafield>
  <datafield tag="210" ind1=" " ind2=" ">
    <subfield code="d">1904</subfield>
    <subfield code="a">&#x411;. &#x43C;.</subfield>
  </datafield>
  <datafield tag="215" ind1=" " ind2=" ">
    <subfield code="a">[2], II, 146 &#x441;.</subfield>
    <subfield code="c">&#x447;&#x435;&#x440;&#x442;.</subfield>
  </datafield>
  <datafield tag="461" ind1=" " ind2="0">
    <subfield code="1">001rc\4614403</subfield>
    <subfield code="1">2001#$a&#x41D;&#x430;&#x441;&#x442;&#x430;&#x432;&#x43B;&#x435;&#x43D;&#x438;&#x435; &#x43F;&#x43E; &#x440;&#x430;&#x437;&#x431;&#x43E;&#x440;&#x43A;&#x435;, &#x441;&#x431;&#x43E;&#x440;&#x43A;&#x435; &#x438; &#x432;&#x44B;&#x432;&#x435;&#x440;&#x43A;&#x435; &#x43C;&#x438;&#x43D; &#x423;&#x430;&#x439;&#x442;&#x445;&#x435;&#x434;&#x430;$f&#x420;&#x435;&#x434;. &#x43A;&#x430;&#x43F;. 2 &#x440;&#x430;&#x43D;&#x433;&#x430; &#x411;. &#x411;&#x440;&#x430;&#x442;&#x446;&#x435;&#x432;. &#x427;.$v&#x427;. 3</subfield>
    <subfield code="9">8127009</subfield>
    <subfield code="c">&#x421;&#x430;&#x43D;&#x43A;&#x442;-&#x41F;&#x435;&#x442;&#x435;&#x440;&#x431;&#x443;&#x440;&#x433;</subfield>
    <subfield code="d">1904</subfield>
    <subfield code="f">&#x420;&#x435;&#x434;. &#x43A;&#x430;&#x43F;. 2 &#x440;&#x430;&#x43D;&#x433;&#x430; &#x411;. &#x411;&#x440;&#x430;&#x442;&#x446;&#x435;&#x432;. &#x427;.</subfield>
    <subfield code="n">&#x422;&#x438;&#x43F;. &#x41C;&#x43E;&#x440;. &#x41C;-&#x432;&#x430;</subfield>
    <subfield code="t">&#x41D;&#x430;&#x441;&#x442;&#x430;&#x432;&#x43B;&#x435;&#x43D;&#x438;&#x435; &#x43F;&#x43E; &#x440;&#x430;&#x437;&#x431;&#x43E;&#x440;&#x43A;&#x435;, &#x441;&#x431;&#x43E;&#x440;&#x43A;&#x435; &#x438; &#x432;&#x44B;&#x432;&#x435;&#x440;&#x43A;&#x435; &#x43C;&#x438;&#x43D; &#x423;&#x430;&#x439;&#x442;&#x445;&#x435;&#x434;&#x430;</subfield>
    <subfield code="v">&#x427;. 3</subfield>
  </datafield>
  <datafield tag="801" ind1=" " ind2="0">
    <subfield code="a">RU</subfield>
    <subfield code="b">NLR</subfield>
    <subfield code="g">psbo</subfield>
  </datafield>
  <datafield tag="801" ind1=" " ind2="1">
    <subfield code="a">RU</subfield>
    <subfield code="b">ELAR</subfield>
    <subfield code="2">rusmarc</subfield>
  </datafield>
  <datafield tag="852" ind1=" " ind2=" ">
    <subfield code="a">NLR</subfield>
    <subfield code="j">18.226.9.141</subfield>
  </datafield>
  <datafield tag="942" ind1=" " ind2=" ">
    <subfield code="c">BOOK</subfield>
  </datafield>
  <datafield tag="980" ind1=" " ind2=" ">
    <subfield code="a">NB</subfield>
  </datafield>
  <datafield tag="995" ind1=" " ind2=" ">
    <subfield code="5">2013-10-26</subfield>
    <subfield code="b">NLR02</subfield>
    <subfield code="c">NLR02</subfield>
    <subfield code="e">RFS</subfield>
    <subfield code="f">8216144-10</subfield>
    <subfield code="k">18.226.9.141</subfield>
    <subfield code="o">0</subfield>
    <subfield code="r">BOOK</subfield>
    <subfield code="s">182269141_</subfield>
  </datafield>
</record>
